U.S. Interstates by Terminus - Statistics

General Stats
  • This quiz has been taken 12 times
  • The average score is 25 of 30
Answer Stats
Southern/Western Northern/Western % Correct
Fort Worth, TX North Little Rock, AR 30
100%
Laredo, TX Duluth, MN 35
100%
Tampa, FL Daytona Beach, FL 4
100%
San Diego, CA Blaine, WA 5
100%
LaPlace, LA Chicago, IL 55
100%
Mobile, AL Gary, IN 65
100%
Cove Fort, UT Woodlawn, MD 70
100%
San Diego, CA Casa Grande, AZ 8
100%
San Francisco, CA Teaneck, NJ 80
100%
Seattle, WA Boston, MA 90
100%
Miami, FL Houlton, ME 95
100%
Santa Monica, CA Jacksonville, FL 10
91%
San Diego, CA Sweet Grass, MT 15
91%
Kent, TX Florence, SC 20
91%
Las Cruces, NM Buffalo, WY 25
91%
Barstow, CA Wilmington, NC 40
91%
Wichita Falls, TX St. Louis, MO 44
82%
Miami Lakes, FL Sault Ste. Marie, MI 75
82%
Montgomery, AL Petersburg, VA 85
82%
Kansas City, MO Pembina, ND 29
73%
Lafayette, LA Shreveport, LA 49
73%
Wentzville, MO Chesapeake, VA 64
73%
Westfield Township, OH Bellmawr, NJ 76
73%
Lockwood, MT Port Huron, MI 94
73%
Russell, IL Howard, WI 41
64%
Rosenberg, TX Port Huron, MI 69
64%
Cayce, SC Cleveland, OH 77
64%
Dandridge, TN Wellesley Island, NY 81
64%
Portland, OR Echo, UT 84
64%
Norton Shores, MI Detroit, MI 96
64%
No matching quizzes found
Score Distribution
Percent of People with Each Score
Percentile by Number Answered
Your Score History
You have not taken this quiz